Statistics for Word Scramble- Tinker Bell Characters

Click here to take the quiz!

General Stats

  • This quiz has been taken 136 times
  • The average score is 8 of 15

Answer Stats

GibberishCharacter% Correct
itkenr lelbTinker Bell
99%
wfanFawn
95%
obblebBobble
83%
iviadVidia
82%
msilviretsSilvermist
79%
etroastRosetta
55%
siriaesdIridessa
43%
lcnkaClank
42%
eqenu aclirnoQueen Clarion
39%
lsdeSled
34%
ordl liimroLord Milori
30%
husslSlush
27%
ernetecTerence
25%
arazniZarina
21%
wkeyrepnriPerrywinkle
18%

Score Distribution

Percentile by Number Answered

Percent of People with Each Score

Your Score History

You have not taken this quiz